WNBA Players' College Teams #1 - Statistics

General Stats
  • This quiz has been taken 164 times
  • The average score is 40 of 100
Answer Stats
Player College % Correct
A'ja Wilson South Carolina
92%
Ashja Jones | Breanna Stewart | Charde Houston | +8 others Connecticut
85%
Charli Collier Texas
75%
Cynthia Cooper | Jacki Gemelos | Tina Thompson USC
74%
Candace Parker | Kara Lawson | Tamika Catchings Tennessee
73%
Arike Ogunbowale | Skylar Diggins-Smith Notre Dame
71%
Jordin Canada UCLA
70%
Tangela Smith Iowa
67%
Alanna Smith | Jennifer Azzi Stanford
67%
Jonquel Jones George Washington
65%
Sylvia Fowles LSU
65%
Kelsey Plum | Sami Whitcomb Washington
65%
Sabrina Ionescu Oregon
64%
Brittney Griner Baylor
60%
Jasmine Thomas Duke
59%
Aari McDonald Arizona
56%
DeLisha Milton-Jones Florida
52%
Evelyn Akhator Kentucky
50%
Deanna Nolan Georgia
47%
Sydney Colson Texas A&M
44%
Jantel Lavender | Katie Smith | Kelsey Mitchell Ohio State
40%
Asia Durr Louisville
39%
Amanda Zahui B Minnesota
39%
Danielle Robinson Oklahoma
38%
Jocelyn Willoughby Virginia
38%
Courtney Vandersloot Gonzaga
36%
Danielle McCray Kansas
35%
Bridget Carleton Iowa State
34%
Brittney Sykes Syracuse
34%
Elena Delle-Donne Delaware
33%
Plenette Pierson Texas Tech
33%
Aerial Powers Michigan State
32%
Erica Wheeler | Sue Wicks Rutgers
32%
Sophie Cunningham Missouri
31%
Natisha Hiedeman Marquette
30%
Layshia Clarendon California
29%
Beatrice Mompremier Miami
29%
Briann January Arizona State
28%
Bella Alarie Princeton
28%
Leilani Mitchell Utah
28%
Victoria Vivians Mississippi State
27%
Chelsea Dungee Arkansas
26%
Dearica Hamby Wake Forest
26%
Rebekkah Brunson Georgetown
25%
Yvonne Turner Nebraska
25%
Kelly Mazzante | Suzie McConnell-Serio | Tanisha Wright Penn State
25%
Dewanna Bonner Auburn
24%
Allie Quigley DePaul
23%
Katie Douglas Purdue
23%
Betty Lennox | Cheryl Ford | Teresa Weatherspoon Louisiana Tech
21%
Carolyn Swords Boston College
20%
Alysha Clark Middle Tennessee
20%
Sancho Lyttle Houston
18%
Courtney Williams South Florida
17%
Jennifer Hamson BYU
16%
Nia Coffey Northwestern
16%
Yelena Leuchanka West Virginia
16%
Ticha Penicheiro Old Dominion
13%
Shavonte Zellous Pittsburg
13%
Natasha Cloud Saint Joseph's
12%
Candice Dupree Temple
11%
Becky Hammon Colorado State
10%
Amber Harris Xavier
10%
Tari Phillips Central Florida
8%
Andrea Hoover Dayton
7%
Avery Warley-Talbert Liberty
6%
Tamera Young James Madison
5%
Alex Harden Wichita State
4%
Jamierra Faulkner Southern Mississippi
2%
Julie Wojta Wisconsin-Green Bay
1%
Latoya Williams Abilene Christian
0%
Penny Toler Long Beach State
0%
Erin Perperoglou Master's
0%
Taj McWilliams-Franklin St. Edward's
0%
Natasha Lacy Texas-El Paso
0%
Heather Butler UT Martin
0%
No matching quizzes found
Score Distribution
Percent of People with Each Score
Percentile by Number Answered
Your Score History
You have not taken this quiz